000 00698nam a2200229Ia 4500
001 1120
003 GE_BSU
008 181216s||||||||xx |||||||||||||| ||und||
020 _a5100006226
040 _cGE_BSU
100 _aХржановский,В.Г. Пономаренко,С.Ф.
245 _aПрактикум по курсу общей ботаники
245 _bУч-к для студ. высш. учебн. завед.
260 _aМосква
260 _bАгропромиздат
260 _c1989
300 _a416стр.
541 _h12л.
653 _aБотаника
653 _aПрактикум по курсу общей ботаники
942 _cBK
999 _c35271
_d35271